| 000 | 01425nam a2200301 i 4500 | ||
|---|---|---|---|
| 003 | DO-SdBNP | ||
| 005 | 20250206101005.0 | ||
| 007 | ta | ||
| 008 | 240627s2024 dr 000 j spa d | ||
| 020 | _a9789945188240 (epub) | ||
| 040 |
_aDO-SdBNP _bspa _cBNPHU _erda |
||
| 082 | 4 |
_aRD863.44 _bD611h _222 |
|
| 100 | 1 |
_aDisla, Edwin, _d1961- _eautor _928921 |
|
| 245 | 1 | 3 |
_aEl hombre lobo / _cEdwin Disla |
| 264 | 4 |
_aSanto Domingo : _bSoto Castillo, _c©2024. |
|
| 300 |
_a335 páginas ; _c23 cm. |
||
| 336 |
_2rdacontent _atexto _btxt |
||
| 337 |
_2rdamedia _asin mediación _bn |
||
| 338 |
_2rdacarrier _avolumen _bnc |
||
| 500 | _aIncluye datos biográficos del autor en la solapa de la cubierta | ||
| 500 | _aPrimera edición del libro electrónico (epud) y en pasta blanca (epub) : marzo de 2024. | ||
| 520 | _aEsta novela no contiene una fábula del estereotipado hombre lobo de las narraciones paranormales, sino de otro antagonista, de carne y hueso. Este, producto del maltrato de la madre, se convierte en un asesino serial más letal que Jack el destripador, y sufre de licantropía. En el transcurso de la obra es perseguido por el detective, Ernesto Sierra, una especie de Sherlock Holmes dominicano, inflexible..... | ||
| 590 | _aInventariado, 2024/ YL | ||
| 650 | 4 |
_aNovela dominicana _9223 |
|
| 650 | 4 | _aLiteratura dominicana | |
| 910 | _aYLockward/Validado. Control de calidad MFF | ||
| 942 |
_2ddc _cLBS1 |
||
| 999 |
_c57041 _d57041 |
||